=LDR 00000nam 2200000 4500 =001 INLIS000000000023047 =005 20130612121735 =008 ***********************************Ind** =035 ##$$0010-061300000023047 =041 ##$$a Ind =082 ##$$a 2x9.8 =090 ##$$a 2x9.8, Haz a =100 ##$$a Al Hazimi, Ibrahim Bin Abdullah =245 ##$$a Al'Ainu hag bahaya mata yang menghancurkan, Ibrahim Bin Abdullah Al Hazimi ; penerjemah, Ibtid'an Hamzah Khan =260 ##$$a 2004 $b Jakarta =300 ##$$a 152 hlm, 21 cm =650 ##$$a Biografi islam-Kumpulan =850 ##$$a NBPNMAT